<?xml version="1.0" encoding="UTF-8"?>
<collection xmlns="http://www.loc.gov/MARC21/slim">
 <record>
  <leader>00852cam a2200253 7i4500</leader>
  <controlfield tag="001">0000054082</controlfield>
  <controlfield tag="005">20220121090000.0</controlfield>
  <controlfield tag="008">170112s2001            eng</controlfield>
  <datafield tag="020" ind1=" " ind2=" ">
   <subfield code="a">9834064519 (pbk) </subfield>
  </datafield>
  <datafield tag="040" ind1=" " ind2=" ">
   <subfield code="a">TSAM</subfield>
  </datafield>
  <datafield tag="090" ind1="0" ind2="0">
   <subfield code="a">LC6503 </subfield>
   <subfield code="b">VOI 2001</subfield>
  </datafield>
  <datafield tag="245" ind1="1" ind2="0">
   <subfield code="a">Voices and discourses mediating spaces : </subfield>
   <subfield code="b">a Festschrift to honour Prof. Madya Dr. Harriet Wong  </subfield>
   <subfield code="c">edited by Koo Yew Lie.</subfield>
  </datafield>
  <datafield tag="264" ind1=" " ind2="1">
   <subfield code="a">Bangi, Selangor: </subfield>
   <subfield code="b">Universiti Kebangsaan Malaysia, </subfield>
   <subfield code="c">2001.</subfield>
  </datafield>
  <datafield tag="300" ind1=" " ind2=" ">
   <subfield code="a">131 pages: </subfield>
   <subfield code="b">illustrations; </subfield>
   <subfield code="c">21 cm.</subfield>
  </datafield>
  <datafield tag="336" ind1=" " ind2=" ">
   <subfield code="a">text</subfield>
   <subfield code="2">rdacontent</subfield>
  </datafield>
  <datafield tag="337" ind1=" " ind2=" ">
   <subfield code="a">unmediated</subfield>
   <subfield code="2">rdamedia</subfield>
  </datafield>
  <datafield tag="338" ind1=" " ind2=" ">
   <subfield code="a">volume</subfield>
   <subfield code="2">rdacarrier</subfield>
  </datafield>
  <datafield tag="500" ind1=" " ind2=" ">
   <subfield code="a">BMCMI</subfield>
  </datafield>
  <datafield tag="500" ind1=" " ind2=" ">
   <subfield code="a">DMCMI</subfield>
  </datafield>
  <datafield tag="504" ind1=" " ind2=" ">
   <subfield code="a">includes bibliographic</subfield>
  </datafield>
  <datafield tag="650" ind1="1" ind2="0">
   <subfield code="a">English Language -- </subfield>
   <subfield code="x">Study and Teaching -- </subfield>
   <subfield code="y">Foreign speakers </subfield>
  </datafield>
  <datafield tag="650" ind1="1" ind2="0">
   <subfield code="a">Second language acquisition </subfield>
  </datafield>
  <datafield tag="700" ind1="1" ind2=" ">
   <subfield code="a">Koo Yew Lie </subfield>
  </datafield>
  <datafield tag="901" ind1=" " ind2=" ">
   <subfield code="u">http://www.fpb.ukm.my</subfield>
  </datafield>
 </record>
</collection>
